Presidential Economics <The> Making of Economic Policy from Roosevelt to Reagan and Beyond

Gespeichert in:
Bibliographische Detailangaben
1. Verfasser: Stein, Herbert
Format: Buch
Sprache:Englisch
Veröffentlicht: Washington American Enterprise Institute for Public Policy Research 1988
Ausgabe:2. rev. ed.
Schlagworte:
Tags: Tag hinzufügen
Keine Tags, Fügen Sie das erste Tag hinzu!

MARC

LEADER 00000nam a2200000 4500
001 c011793
005 20221206134502.5
020 |a 0-8447-3656-2 
041 0 |a eng 
044 |a US 
245 1 0 |a Presidential Economics  |b <The> Making of Economic Policy from Roosevelt to Reagan and Beyond  |c Herbert Stein 
250 |a 2. rev. ed. 
264 1 |a Washington  |b American Enterprise Institute for Public Policy Research  |c 1988 
300 |a 450 s. 
610 2 0 |a politika hospodárska 
610 2 0 |a vývoj hospodársky 
610 2 0 |a prezidenti 
610 2 0 |a USA 
610 2 0 |a história 
610 2 0 |a 1933-1945 
610 2 0 |a Hoower, G. 
610 2 0 |a Roosevelt, T. 
610 2 0 |a Truman, H.S. 
610 2 0 |a Eisenhower, D.D. 
610 2 0 |a Kennedy, J.F. 
610 2 0 |a Johnson, A. 
610 2 0 |a Nixon, R.M. 
610 2 0 |a Ford, G.R. 
610 2 0 |a Carter, J.E. 
610 2 0 |a Reagan, R.W. 
100 1 |a Stein, Herbert